ARRUPE JESUIT UNIVERSITY

CORONAVIRUS -STOP THE SPREAD - CLEAN,DISINFECT,COVER

Pedagogy of freedom : (Record no. 129382)

MARC details
000 -LEADER
fixed length control field 01290pam a2200325 a 4500
001 - CONTROL NUMBER
control field 1671200
003 - CONTROL NUMBER IDENTIFIER
control field ARRUPE
005 - DATE AND TIME OF LATEST TRANSACTION
control field 20190403105458.0
008 - FIXED-LENGTH DATA ELEMENTS--GENERAL INFORMATION
fixed length control field 980707s1998 mdu b 001 0 eng
010 ## - LIBRARY OF CONGRESS CONTROL NUMBER
LC control number 98030184
020 ## - INTERNATIONAL STANDARD BOOK NUMBER
International Standard Book Number 0847690466 (cloth : alk. paper)
020 ## - INTERNATIONAL STANDARD BOOK NUMBER
International Standard Book Number 0847690474 (pbk. : alk. paper)
040 ## - CATALOGING SOURCE
Original cataloging agency DLC
Transcribing agency DLC
Modifying agency DLC
041 1# - LANGUAGE CODE
Language code of text/sound track or separate title eng
Language code of original and/or intermediate translations of text por
050 00 - LIBRARY OF CONGRESS CALL NUMBER
Classification number LC196
Item number .F73713 1998
082 00 - DEWEY DECIMAL CLASSIFICATION NUMBER
Classification number 370.11/5
Edition number 21
300 ## - PHYSICAL DESCRIPTION
Dimensions 23 cm.
100 1# - MAIN ENTRY--PERSONAL NAME
Personal name Freire, Paulo,
Dates associated with a name 1921-1997.
9 (RLIN) 26953
240 10 - UNIFORM TITLE
Uniform title <a href="Pedagogia de autonomia.">Pedagogia de autonomia.</a>
Language of a work English
245 10 - TITLE STATEMENT
Title Pedagogy of freedom :
Remainder of title ethics, democracy, and civic courage /
Statement of responsibility, etc Paulo Freire ; translated by Patrick Clarke ; foreword by Donaldo Macedo ; introduction by Stanley Aronowitz.
260 ## - PUBLICATION, DISTRIBUTION, ETC. (IMPRINT)
Place of publication, distribution, etc Lanham :
Name of publisher, distributor, etc Rowman & Littlefield Publishers,
Date of publication, distribution, etc c1998.
300 ## - PHYSICAL DESCRIPTION
Extent xxxii, 144 p. ;
440 #0 - SERIES STATEMENT/ADDED ENTRY--TITLE
Title Critical perspectives series
9 (RLIN) 45778
504 ## - BIBLIOGRAPHY, ETC. NOTE
Bibliography, etc Includes bibliographical references (p. 131-134) and index.
650 #0 - SUBJECT ADDED ENTRY--TOPICAL TERM
Topical term or geographic name as entry element Popular education.
9 (RLIN) 44843
650 #0 - SUBJECT ADDED ENTRY--TOPICAL TERM
Topical term or geographic name as entry element Critical pedagogy.
9 (RLIN) 45759
650 #0 - SUBJECT ADDED ENTRY--TOPICAL TERM
Topical term or geographic name as entry element Teaching.
9 (RLIN) 45779
906 ## - LOCAL DATA ELEMENT F, LDF (RLIN)
a 7
b cbc
c orignew
d 1
e ocip
f 19
g y-gencatlg
942 ## - ADDED ENTRY ELEMENTS (KOHA)
Source of classification or shelving scheme Library of Congress Classification
Koha item type Monograph ( Printed materials)
Holdings
Withdrawn status Lost status Source of classification or shelving scheme Damaged status Not for loan Collection code Home library Current library Shelving location Date acquired Total Checkouts Full call number Barcode Date last seen Price effective from Koha item type
    Library of Congress Classification     Main Collection ARRUPE LIBRARY ARRUPE LIBRARY Main Collection 03/04/2019   LC196 .F73713 1998 46600004525 03/04/2019 03/04/2019 Monograph ( Printed materials)

 

Arrupe Library. PO Box MP320 Mt Pleasant, Harare, Zimbabwe
263 242 745411|librarian@aju.ac.zw